000 00970nac a22003137a 4500
001 BR7803728
003 BR-BrBNA
005 20240105114241.0
008 230509b bl.|||m| |||| 00| 0 por d
040 _aBR-BrBNA
_bpor
_cBiblioteca Nacional de Agricultura
072 _aK50
090 _a8914 BR7803728
100 1 _aFoelkel, C.E.B.
100 1 _aZvinakevicius, C.
110 1 _aCelulose Nipo-Brasileira S.A., Belo Oriente, MG
_91354
245 1 _aEstudo da influencia da deterioracao de cavacos de eucalipto nas propriedades da celulose kraft
260 3 _aBelo Oriente, MG (Brasil):
_c1978.
300 _a21 p.
490 _aCENIBRA Pesquisa. Serie Materia-prima (Brazil)
_vno. 80
_x
500 _a21 ref.
650 _aIndustria florestal
650 _aCavaco
650 _aCelulose
650 _aMadeira
650 _aEucalipto
650 _aPreservacao da madeira
909 _a202312
_bLúcia Elande
_c55
_dLúcia Elande
942 _2AGRIS
_n0
_cMS
999 _c268263
_d268263